000 00662cas a22002175a 4500
001 L139136
008 070723d19711972xxkmr p 0 a0eng u
035 _a(Sirsi) u139136
041 0 _aeng
240 _aOfficial Architecture and Planning
245 0 0 _aOAP
_bJournal for the Built Environment
260 _aLondon
_bArchitecture and Planning Publications Ltd
_c1971-1972
362 0 _a35(1) January 1972-35(3) March 1975
520 _aBound with Built Environment.
554 _a12 per year
651 4 _aUnited Kingdom
_y
690 _aBUILT ENVIRONMENT
780 0 0 _tOfficial Architecture and Planning
785 0 0 _tBuilt Environment
942 _n0
999 _c119071
_d119071